000
00342nam a2200145Ia 4500
008
220928s9999 xx 000 0 und d
082
_b
PAR
100
_a
PARBH, SHRI CHANDRA
245
0
_a
MUKTI KA MANOVIGYAN
260
_b
SHRI A. B. JAIN SUDHARMA, JODHPUR
_c
2013
300
_a
87
650
_a
General
942
_c
BK
999
_c
208365
_d
208365
041
_a
HINDI